Libraries in distance education (Record no. 40085)

MARC details
000 -LEADER
fixed length control field 00346nam a2200133Ia 4500
082 ## - DEWEY DECIMAL CLASSIFICATION NUMBER
Classification number 02:37.018.43
Item number ISA
100 ## - MAIN ENTRY--AUTHOR NAME
Personal name DEVARAJAN, G
245 #0 - TITLE STATEMENT
Title Libraries in distance education
260 ## - PUBLICATION, DISTRIBUTION, ETC. (IMPRINT)
Place of publication New Delhi
Name of publisher Ess Ess Pub
Year of publication 1989
650 ## - SUBJECT ADDED ENTRY--TOPICAL TERM
Topical Term Distance education
700 ## - ADDED ENTRY--PERSONAL NAME
Personal name ISAAC, K A
942 ## - ADDED ENTRY ELEMENTS (KOHA)
Koha item type Books
Holdings
Withdrawn status Lost status Damaged status Not for loan Home library Current library Date acquired Full call number Accession Number Koha item type
        RRII Library RRII Library 16/12/2021 02:37.018.43 ISA 20400 Books